000 00582nam a2200229Ia 4500
003 OSt
005 20220924150339.0
006 a|||||r|||| 00| 0
007 ta
008 220923b |||||||| |||| 00| 0 tel d
024 _a332827
037 _cTextual
040 _aARTS
_cARTS
_btel
041 _2tel
_atel
082 _aO35,1M93:g, M7
100 _aRamanjani Kumari
_9221913
245 0 _aVimarsakunigh rallapalli
260 _c1987
650 _aTELUGU POETRY
942 _hO35,1M93:g, M7
_cTEXL
_2CC
999 _c463035
_d463035